Govt. of
Madhya Pradesh

भारतीय भित्ति चित्रकला (Record no. 63643)

MARC details
000 -LEADER
fixed length control field 00372nam a22000977a 4500
100 ## - MAIN ENTRY--AUTHOR NAME
Personal name द्विवेदी,डॉ. प्रेमशंकर
245 ## - TITLE STATEMENT
Title भारतीय भित्ति चित्रकला
260 ## - PUBLICATION, DISTRIBUTION, ETC. (IMPRINT)
Place of publication वाराणसी
Name of publisher मीरा पब्लिकेशन
Year of publication 2018
650 ## - SUBJECT ADDED ENTRY--TOPICAL TERM
Topical Term चित्रकला
942 ## - ADDED ENTRY ELEMENTS (KOHA)
Koha item type Hindi Books
Holdings
Withdrawn status Lost status Damaged status Not for loan Home library Current library Date acquired Cost, normal purchase price Full call number Accession Number Price effective from Koha item type
        MACL MACL 16/10/2020 750.00 740 CRH038438 16/10/2020 Hindi Books